Das Konzentrations- und Vernichtungslager Majdanek

Titel: Das Konzentrations- und Vernichtungslager Majdanek : Funktionswandel im Kontext der "Endlösung" / Barbara Schwindt
Verfasser:
Veröffentlicht: Würzburg : Königshausen und Neumann, 2005
Umfang: 321 Seiten ; 24 cm
Format: Buch
Sprache: Deutsch
Hochschulschrift: Dissertation, Universität Köln, 2004
RVK-Notation:
Schlagworte:
ISBN: 3826031237 ; 9783826031236
Buchumschlag
X
Lokale Klassifikation: 36 8 M 31 ; 36 7 Nk ; 32 7 Nk ; 3 7 Nk
alg: 13618865
001A    $06000:23-02-06 
001B    $01999:05-08-24 $t07:48:25.000 
001D    $00030:14-06-06 
001U    $0utf8 
001X    $00 
002@    $0Aau 
002C    $aText $btxt $2rdacontent 
002D    $aohne Hilfsmittel zu benutzen $bn $2rdamedia 
002E    $aBand $bnc $2rdacarrier 
003@    $0136188656 
003O    $061263610 $aOCoLC 
004A    $03-8260-3123-7 $A978-3-8260-3123-6 $fkart. : EUR 34.80, sfr 60.90 
006G    $0975931466 
006U    $006,H04,2556 $f20050804 
007A    $0975931466 $aDNB 
007T    $0Herd76678 
007T    $0FBauInstb0009555 
009P    $qtext/html $A2 $3Inhaltstext $uhttp://deposit.dnb.de/cgi-bin/dokserv?id=2669171&prov=M&dok_var=1&dok_ext=htm 
009P    $qapplication/pdf $A2 $3Inhaltsverzeichnis $uhttp://scans.hebis.de/HEBCGI/show.pl?13618865_toc.pdf $mV:DE-604 
010@    $ager 
011@    $a2005 $n2005 
013D    $RWissenschaftliche Literatur $#Dissertations, Academic $#Thèses et écrits académiques $74113937-9 $8Hochschulschrift [Ts1] $9085338818 
021A    $aDas @Konzentrations- und Vernichtungslager Majdanek $dFunktionswandel im Kontext der "Endlösung" $hBarbara Schwindt 
028A    $BVerfasser $4aut $7130805076 $8Schwindt, Barbara$Z1963- [Tp3] $9160840368 
033A    $pWürzburg $nKönigshausen und Neumann 
034D    $a321 Seiten 
034I    $a24 cm 
037C    $dDissertation $eUniversität Köln $f2004 
039U    $aRezensiert in $8--Aox--Kutzner, Mirjam. Schwindt, Barbara, 1963-. Das @Konzentrations- und Vernichtungslager Majdanek. - Würzburg : Königshausen und Neumann. -  2005 [Rezension], 2006 $9394749995 
039U    $aRezensiert in $8--Aox--Kundrus, Birthe. Schwindt, Barbara, 1963-. Das @Konzentrations- und Vernichtungslager Majdanek. - Würzburg : Königshausen und Neumann. -  2005 [Rezension], 2006 $9394890531 
044K    $qDNB $#KZ Majdanek $#obóz koncentracyjny Majdanek $74268005-0 $8Konzentrationslager Majdanek [Tb1] $9086433342 
045E    $c940 
045F    $a900.94380904 $eDDC23BSB 
045F/01 $a900 
045F/03 $f0904 
045F/03 $f09043 
045F/03 $f09044 
045F/03 $g438 
045F/03 $g43 
045Z    $8NQ 2350 [Tkv] $9410912255 
045Z    $8NQ 2360 [Tkv] $9410912263 

lok: 13618865 3
101B    $001-08-06 $t17:20:50.000 
101C    $014-06-06 
144Z/20 $aj06jun 
145S/01 $a039 
145S/06 $a770 
145Z/01 $a900 T 100 De 5267 Majdanek 
101U    $0utf8 

exp: 13618865 3 1 #EPN
201B/01 $014-06-06 $t18:19:05.000 
201C/01 $022-05-06 
203@/01 $0397977158 
208@/01 $a14-06-06 $bzAa 
209A/01 $a13.440.81 $du $f000 $h13 440 81 $x00 
209G/01 $a13440816 $x00 
247C/01 $8601000-3 <30>Frankfurt, Universitätsbibliothek J. C. Senckenberg, Zentralbibliothek (ZB) $9102598258 
201U/01 $0utf8 

lok: 13618865 24
101B    $003-11-06 $t12:09:09.000 
101C    $003-11-06 
145Z/01 $a36 8 M 31 
145Z/02 $a36 7 Nk 
145Z/03 $a32 7 Nk 
145Z/04 $a3 7 Nk 
101U    $0utf8 

exp: 13618865 24 1 #EPN
201B/01 $003-11-06 $t12:09:09.000 
201C/01 $010-08-06 
203@/01 $0436108585 
208@/01 $a03-11-06 $bz 
209A/01 $a06.3679 $du $f050 $h06 3679 $x00 
209C/01 $a06.3679 K $h06 3679 K 
209G/01 $a70978784 $x00 
220C/01 $awar/hae 
247C/01 $8358050-7 Marburg, Bibliothek des Herder-Instituts Marburg $9102600961 
201U/01 $0utf8 

lok: 13618865 78

exp: 13618865 78 1 #EPN
201B/01 $008-11-17 $t21:46:45.000 
201U/01 $0utf8 
203@/01 $0791723941 
208@/01 $a12-11-16 $be 
209A/01 $a/ $f000 $x00 
220C/01 $aTitelaufnehmer: cs 
237A/01 $aweiterführende Signatur(en): Herder-Institut: 06.3679 
244Z/01 $2Trx $#Poola $#Lenkija $#Polija $#Polen Land $#Poland $#Lengyelország $#Poľsko $#Polsko $8--Trx--Polska$gkraj $x01 $9391345966 
244Z/01 $#KZ Majdanek $#obóz koncentracyjny Majdanek $74268005-0 $8--Tb1--Konzentrationslager Majdanek $x02 $9086433342 
244Z/01 $aGeschichte 1939-1944 $x03 
244Z/01 $2Trx $#kontsetratsioonilaagrid 1933-1945 $#koncentracijos stovyklos 1933-1945 $#concentration camps 1933-1945 $#koncentrációs táborok 1933-1945 $#obozy koncentracyjne 1933-1945 $#tábory koncentračné 1933-1945 $#tábory koncentrační 1933-1945 $#Vernichtungslager $#obozy zagłady $#tábory vyhladzovacie $8--Trx--Konzentrationslager$g1933-1945 $x04 $9391374737 
244Z/01 $2Trx $#Holokaust 1941-1945 $#Holokaustas 1941-1945 $#Holocaust 1941-1945 $#holocaust 1941-1945 $#holokaust 1941-1945 $#holokaust 1941-1945 $#holokaust 1941-1945 $#Shoah $#Judenvernichtung $#shoah $#shoah $#šoa $8--Trx--Holocaust$g1941-1945 $x05 $9391361090 
244Z/01 $2Trx $8--Trx--Monographie $x06 $9391384546 
244Z/01 $2Trx $8--Trx--Hochschulschrift $x07 $9391384589 
245Z/01 $a13.03 $x01 
245Z/01 $a06.04.03 $x02 
247C/01 $82080>Marburg/Lahn, Herder-Institut, Forschungsbibliothek, Bibliographieportal $9336309341 

lok: 13618865 106
101B    $012-09-18 $t19:35:56.000 
101C    $012-09-18 
101U    $0utf8 
144Z/01 $aMajdanek 
145Z/01 $aHolocaust/Vernichtungslager: Majdanek/Monographien 

exp: 13618865 106 1 #EPN
201B/01 $012-09-18 $t19:35:56.000 
201C/01 $012-09-18 
201U/01 $0utf8 
203@/01 $0102976493X 
208@/01 $a10-09-18 $br 
209A/01 $aH 09 mj m 13 $ds $f000 $hH 09 mj m 0013 $x00 
209C/01 $a09862 
247C/01 $82508>Frankfurt/M., Bibliothek des Fritz Bauer Instituts zur Geschichte und Wirkung des Holocaust $9403831741
LEADER 00000cam a2200000 c 4500
001 136188656
003 DE-603
005 20240805074825.0
007 tu
008 060223s2005 xx |||| m u00||u|ger
015 |a 06,H04,2556  |2 dnb 
016 7 |2 DE-101  |a 975931466 
020 |a 3826031237  |c kart. : EUR 34.80, sfr 60.90 
020 |a 9783826031236  |c kart. : EUR 34.80, sfr 60.90 
035 |a (DE-599)DNB975931466 
035 |a (OCoLC)61263610 
040 |a DE-603  |b ger  |c DE-603  |d DE-603 
041 |a ger 
082 0 4 |8 1\u  |a 900.94380904  |q DE-101  |2 23/BSB 
084 |a 940  |q DE-101  |2 sdnb 
084 |a NQ 2350  |0 (DE-625)128254:  |0 (DE-603)410912255  |2 rvk 
084 |a NQ 2360  |0 (DE-625)128255:  |0 (DE-603)410912263  |2 rvk 
085 |8 1\u  |b 900 
085 |8 1\u  |z 1  |s 0904 
085 |8 1\u  |z 1  |s 09043 
085 |8 1\u  |z 1  |s 09044 
085 |8 1\u  |z 2  |s 438 
085 |8 1\u  |z 2  |s 43 
100 1 |a Schwindt, Barbara  |d 1963-  |e Verfasser  |4 aut  |0 (DE-603)160840368  |0 (DE-588)130805076  |2 gnd 
245 0 0 |a ˜Dasœ Konzentrations- und Vernichtungslager Majdanek  |b Funktionswandel im Kontext der "Endlösung"  |c Barbara Schwindt 
264 1 |a Würzburg  |b Königshausen und Neumann  |c 2005 
300 |a 321 Seiten  |c 24 cm 
336 |a Text  |b txt  |2 rdacontent 
337 |a ohne Hilfsmittel zu benutzen  |b n  |2 rdamedia 
338 |a Band  |b nc  |2 rdacarrier 
502 |b Dissertation  |c Universität Köln  |d 2004 
610 1 7 |a Konzentrationslager Majdanek  |2 gnd  |0 (DE-588)4268005-0  |0 (DE-603)086433342 
655 7 |a Hochschulschrift  |2 gnd-content  |0 (DE-588)4113937-9  |0 (DE-603)085338818 
787 0 8 |i Rezensiert in  |a Kutzner, Mirjam  |t ˜Schwindt, Barbara, 1963-. Dasœ Konzentrations- und Vernichtungslager Majdanek. - Würzburg : Königshausen und Neumann. - 2005 [Rezension]  |w (DE-603)394749995 
787 0 8 |i Rezensiert in  |a Kundrus, Birthe  |t ˜Schwindt, Barbara, 1963-. Dasœ Konzentrations- und Vernichtungslager Majdanek. - Würzburg : Königshausen und Neumann. - 2005 [Rezension]  |w (DE-603)394890531 
856 4 2 |q text/html  |u http://deposit.dnb.de/cgi-bin/dokserv?id=2669171&prov=M&dok_var=1&dok_ext=htm  |3 Inhaltstext 
856 4 2 |m V:DE-604  |q application/pdf  |u http://scans.hebis.de/HEBCGI/show.pl?13618865_toc.pdf  |3 Inhaltsverzeichnis 
924 0 |9 30  |a (DE-603)397977158  |b DE-30  |c HES  |d c  |g 13.440.81 
924 0 |9 Mb 50  |a (DE-603)436108585  |b DE-Mb50  |c HES  |d c  |g 06.3679 
924 0 |9 2080  |a (DE-603)791723941  |b DE-2080  |c HES  |d d  |g / 
924 0 |9 2508  |a (DE-603)102976493X  |b DE-2508  |c HES  |d d  |g H 09 mj m 13